| 000 | 01021nam a2200217Ia 4500 | ||
|---|---|---|---|
| 003 | OSt | ||
| 005 | 20241119105814.0 | ||
| 007 | ca aa aaaaa | ||
| 008 | 201103s9999 xx 000 0 und d | ||
| 040 | _cSSBUL | ||
| 041 | _abur | ||
| 082 |
_223 _a၂၉၄.၃၆၁ ရွှေ _b၉၁၈၇ S-SAT |
||
| 100 | 0 |
_aရွှေဟင်္သာဆရာတော် (ဘဒ္ဒန္တပဏ္ဍိတသိရီ)။ _951447 |
|
| 245 | 1 | 0 |
_aဩဝါဒကထာ / _cရွှေဟင်္သာဆရာတော် (ဘဒ္ဒန္တပဏ္ဍိတသိရီ)။ |
| 260 |
_aရန်ကုန် ၊ _b[မျိုးညွန့်စာပုံနှိပ်တိုက်]၊ _c၁၉၈၂။ |
||
| 300 |
_a၂၀၄ စာမျက်နှာ ၊ _c၁၈ စင်တီ။ |
||
| 500 | _aS-KZN: Prof. Kyaw Zaw Naing S-SAT: Dr. Sai Aung Tun | ||
| 650 |
_aဓမ္မ _xဩဝါဒကထာ _951448 |
||
| 650 |
_aဗုဒ္ဓဘာသာ _xသြဝါဒ _955316 |
||
| 942 |
_2ddc _cBK1 |
||
| 999 |
_c16730 _d16730 |
||